00267nam a22000857a 4500100002400000245007500024260003000099300001100129700004100140 aNaveed, Alia13ME37 aDesign of Fabrication of Automatic Single Axis Tracker for Solar Panle aNawabshah:bQUEST,c2016. a44p. ; aDepartment of Mechanical Engineering